| 000 | 00736nam a22002057a 4500 | ||
|---|---|---|---|
| 999 |
_c16255 _d16255 |
||
| 003 | AR-CdUCM | ||
| 008 | 190502b ||||| |||| 00| 0 spa d | ||
| 040 |
_aMUNICIPALIDAD PROVINCIAL DEL CUSCO _cBIBLIOTECA MUNICIPAL DEL CUSCO |
||
| 082 |
_a869.02 / _bS21 |
||
| 100 |
_aSanchez, Florencio _935593 |
||
| 245 | _aM'hijo el doctor / | ||
| 260 |
_aBuenos Aires : _bAtlantida, _c1975. |
||
| 300 |
_a117 páginas ; _c18 cm. |
||
| 505 | _aContenido : Vida de Florencio Sanchez -- El tiempo de Florencio Sanchez en el Rio de la Plata -- Acontecimientos literarios y teatrales en le Rio de la Plata ... | ||
| 650 |
_aLiteratura _983 |
||
| 650 |
_aArgentina _9511 |
||
| 650 |
_aSiglo XX _98 |
||
| 942 |
_2ddc _cLIBROS |
||
| 945 |
_arah _d02/05/2019 |
||